000 00597cam a22002291 4500
001 sa 66001238
003 DLC
005 20260227112220.0
008 890731s1962 ii c b 000 0 telo
010 _asa 66001238
035 _a(OCoLC)20103644
040 _aDLC
_cWaU
_dDLC
042 _apremarc
050 0 0 _aPL4780.9.V41463
_bP6
100 1 _aVēṅkaṭarāvu, Niḍudavōlu,
_d1904-
245 1 0 _aPōtana.
260 _b[Delhi
_c1962]
300 _a229, [1] p.
_bport.
_c21 cm.
500 _aIn Telugu.
504 _aBibliography: p. [230]
600 0 0 _aPōtana,
_dactive 15th century.
999 _c67656
_d67656